স্বল্পোন্নত সার্ক চতুষ্টয় : (Record no. 54872)
[ view plain ]
| 000 -LEADER | |
|---|---|
| fixed length control field | 00940nam a2200229 a 4500 |
| 001 - CONTROL NUMBER | |
| control field | 54872 |
| 003 - CONTROL NUMBER IDENTIFIER | |
| rucl marc code | BD-RjUL |
| 005 - DATE AND TIME OF LATEST TRANSACTION | |
| control field | 20211209080159.0 |
| 008 - FIXED-LENGTH DATA ELEMENTS--GENERAL INFORMATION | |
| fixed length control field | 161112s2000 ii ||||| |||| 00| 0 ben d |
| 020 ## - INTERNATIONAL STANDARD BOOK NUMBER | |
| Terms of availability | : IRs 30.00 |
| 035 ## - SYSTEM CONTROL NUMBER | |
| System control number | (BD-RjUL)54994 |
| 040 ## - CATALOGING SOURCE | |
| Original cataloging agency | BD-RjUL |
| Language of cataloging | ben |
| Transcribing agency | BD-RjUL |
| 041 ## - LANGUAGE CODE | |
| Language code of text/sound track or separate title | ben |
| 082 ## - DEWEY DECIMAL CLASSIFICATION NUMBER | |
| Edition number | 23 |
| Classification number | 338.954 |
| Author mark and year | ADS 2000 |
| 100 ## - MAIN ENTRY--PERSONAL NAME | |
| Personal name | প্রকাশ অধিকারী |
| 9 (RLIN) | 163568 |
| 245 10 - TITLE STATEMENT | |
| Title | স্বল্পোন্নত সার্ক চতুষ্টয় : |
| Remainder of title | বাংলাদেশ ভুটান নেপাল মালদ্বীপ / |
| Statement of responsibility, etc. | প্রকাশ অধিকারী |
| 260 ## - PUBLICATION, DISTRIBUTION, ETC. (IMPRINT) | |
| Place of publication, distribution, etc. | কলকাতা : |
| Name of publisher, distributor, etc. | বিশ্বজ্ঞান, |
| Date of publication, distribution, etc. | ২০০০ |
| 300 ## - PHYSICAL DESCRIPTION | |
| Pagination | ৬৮ পৃ. ; |
| Size | ২১ সেমি. |
| 650 ## - SUBJECT ADDED ENTRY--TOPICAL TERM | |
| Topical term or geographic name as entry element | Economic Development |
| Geographic subdivision | Asia |
| 9 (RLIN) | 163569 |
| Topical term or geographic name as entry element | অর্থনৈতিক উন্নয়ন |
| Geographic subdivision | এশিয়া |
| 9 (RLIN) | 163570 |
| 942 ## - ADDED ENTRY ELEMENTS (KOHA) | |
| Source of classification or shelving scheme | Dewey Decimal Classification |
| Koha item type | Books |
| Lost status | Source of classification or shelving scheme | Damaged status | Not for loan | Collection code | Permanent Location | Current Location | Shelving location | Date acquired | Total Checkouts | Full call number | Date last seen | Copy number | Koha item type | Source of acquisition |
|---|---|---|---|---|---|---|---|---|---|---|---|---|---|---|
| Dewey Decimal Classification | Non-fiction | Central Library, University of Rajshahi | Central Library, University of Rajshahi | 09/06/2001 | B 338.954 ADS 2000 | 12/11/2016 | C-2 | Books | ||||||
| Dewey Decimal Classification | Not For Loan | Non-fiction | Central Library, University of Rajshahi | Central Library, University of Rajshahi | Reading Room | B 338.954 ADS 2000 | 24/12/2016 | C-1 | Books | Gift |